01452nam a2200385 i 450000100060000000300080000600500170001400600190003100700150005000800410006502000180010602000280012403500220015204000310017405000220020508000140022708200150024124501670025626400340042330000410045733600290049833700330052733800430056050400430060358800830064665000240072965000350075365000320078865000290082065000430084965000520089265500270094470000320097185600630100339879FINmELB20241216221831.0m o u cr cn|||||||||220726s2020 ck ob 000 0 spa d z9789587634433 a9789587634389q(e-book) a(OCoLC)1342051219 aFINmELBbspaerdacFINmELB14aLC5800bD451 2020 a37.018.4304a371.3522303aLa deserción en programas universitarios a distancia :bel caso de dos instituciones de educación superior (IES) en Colombia /cHedry Orozco Lara [y otros 4]. 1aBogotá :bUniminuto,c2020. a1 recurso en línea (140 páginas) atextobtxt2rdamedia/spa acomputadorabc2rdamedia/spa arecurso en líneabcr2rdacarrier/spa aContiene referencias bibliográficas. aDescripción basada en metadatos suministrados por el editor y otras fuentes. 0aDistance education. 0aComputer-assisted instruction. 0aCollege dropoutszColombia. 4aEducación a distancia. 4aEnseñanza con ayuda de computadores. 4aAbandono de los estudios (Enseñanza superior) 4aLibros electrónicos.1 aOrozco Lara, Hedry,eautor.40uhttps://elibro.net/ereader/politecnicointernacional/198396